000 00695nam a2200205Ii 4500
003 JO-AjNU
008 230605s9999||||xx |||||||||||||| ||und||
040 _aJO-AjNU
_bara
_erda
_cJO-AjNU
041 _aara
050 1 4 _aNA853.I75.M332 1979
100 3 _aعزمي,محمود تأليف,
_eauthor
_98458
245 0 0 _aدراسات في الاستراتيجية الاسرائيلية
250 _aط1
264 3 1 _aبيروت:المؤسسة العربية للدراسات والنشر,1979
300 _a183ص
336 _atext
_btxt
_2rdacontent
337 _aunmediated
_bn
_2rdamedia
338 _avolume
_bnc
_2rdacarrier
650 4 _aالاستراتيجة الاسرائيلية
_98459
999 _aA799
_c4367
_d4367